Try scorers of the France rugby union team. (2020 - …) - Statistics

General Stats
  • This quiz has been taken 97 times
  • The average score is 20 of 32
Answer Stats
Tries Players Position % Correct
8 Antoine Dupont Scrum-half
99%
4 Romain Ntamack Fly-half
99%
13 Damian Penaud Wing
96%
3 Gaël Fickou Centre
89%
7 Charles Ollivon Flanker
85%
1 Grégory Alldritt Number 8
83%
5 Peato Mauvaka Hooker
83%
2 Cyril Baille Prop
81%
6 Gabin Villière Wing
81%
1 Matthieu Jalibert Fly-half
81%
2 Jonathan Danty Centre
79%
1 François Cros Flanker
76%
2 Anthony Jelonch Flanker
71%
1 Thibaud Flament Lock
69%
2 Paul Willemse Lock
64%
5 Teddy Thomas Wing
64%
2 Yoram Moefana Centre
61%
4 Brice Dulin Fullback
60%
2 Virimi Vakatawa Centre
59%
1 Cameron Woki Flanker
56%
1 Romain Taofifenua Lock
52%
1 Arthur Vincent Centre
51%
2 Baptiste Serin Scrum-half
48%
2 Baptiste Couilloud Scrum-half
45%
1 Anthony Bouthier Fullback
44%
1 Vincent Rattez Wing
32%
1 Dylan Cretin Flanker
29%
2 Matthis Lebel Wing
29%
1 Pierre-Louis Barassi Centre
28%
1 Sekou Macalou Flanker
27%
1 Pierre Bourgarit Hooker
19%
1 Swan Rebbadj Lock
16%
No matching quizzes found
Score Distribution
Percent of People with Each Score
Percentile by Number Answered
Your Score History
You have not taken this quiz